000 01058cam a22003134i 4500
003 PE-LiUPU
005 20250731175632.0
008 150625s r 000 0 d
035 _a(Sirsi) a30910
040 _aPE-LiUPU
_bspa
_cPE-LiUPU
_erda
082 0 4 _a498.35
_bA58
_221
100 1 _aAngeles Caballero, César A.,
_d1923- ,
_eautor.
245 1 3 _aLa Gramática Quechua /
_cCésar Ángeles Caballero.
264 1 _a
336 _atext
_2rdacontent
337 _aunmediated
_2rdamedia
338 _avolume
_2rdacarrier
526 _aP145
526 _aP127
526 _aP97
526 _aP35
526 _aP14
526 _aP07
942 _2ddc
_cBOOK
949 _a498.35 A58
_wDEWEY
_c1
_i29412
_lCCODEBUL1
_mBUL
_p00.00
_r0
_sY
_tBOOK
_u2015-06-25
_xBIBLIOTECA
_zUNKNOWN
_0COMPRA
_o.STAFF. Colección General
596 _a1
999 _a498.35 A58
_wDEWEY
_c38406
_i29412
_f2021-11-5
_g5
_lCCODEBUL1
_mBUL
_r0
_sN
_tBOOK
_u2015-6-25
_xBIBLIOTECA
_zUNKNOWN
_0COMPRA
_o.STAFF. Colección General
_d38406
980 _81
_gALBERTO SANCHEZ Responsable de Automatización